| 000 | 00351nam a2200145Ia 4500 | ||
|---|---|---|---|
| 008 | 250117s9999||||xx |||||||||||||| ||und|| | ||
| 020 | _a9789383758470 | ||
| 082 |
_a650 _bSIN/T |
||
| 100 | _aSingh,S.k | ||
| 245 | 0 | _aTechnical Writing | |
| 250 | _a2nd Edition | ||
| 260 |
_aNew Delhi _bVayu Education of India _c2025 |
||
| 300 | _a190p. | ||
| 942 | _cBK | ||
| 999 |
_c47773 _d47773 |
||